000 00332nam a22001457a 4500
008 210322b ||||| |||| 00| 0 eng d
020 _a2900073379615
041 _aeng
080 _213th
_a330.722.6
082 _a330.722.6
100 _a62
101 _aKM
245 _aManagerial Accounting
_cGarrison, R. H
942 _2udc
_cBK
999 _c56646
_d56646